00891nam a2200229 a 4500008004100000020001500041050001300056100004300069245004700112250001200159260002800171300002300199350000900222500006400231650002400295650002100319700004600340710003600386995009300422999001700515952012900532060316s1977 ||||||||||||||||| || u a0273009591 aT 60 Cur aCurrie, Russell M. (Russell Mackenzie)10aWork study /crevised by Joseph E. Faraday a4th ed. aLondon : bPitmanc1977 aix, 326 p. : ill.  a0.00 aDistributor stamped on t.p. -"A Pitman international text." aMethods engineering aWORK MEASUREMENT aFaraday, Joseph E. (Joseph Escott), 1915- aBritish Institute of Management D0.00FCBU-MAIN LIBRARY (Kitwe)H1I7.95M1UDAMAGEDZMain Library Open Access Collection c61928d61928 00102lcc4070a001b001cMain Library Open Access Collectiond2022-11-30l0oT 60 Curp024206r2022-11-30w2022-11-30y002